| 000 | 01055nam a2200313 a 4500 | ||
|---|---|---|---|
| 999 |
_c7488 _d7488 |
||
| 001 | 991016051159706706 | ||
| 003 | OSt | ||
| 005 | 20211202122341.0 | ||
| 008 | 040525s1966 spco || 000 ||spa | ||
| 017 |
_aDL B. 34156-1966 _bBiblioteca de Catalunya |
||
| 035 | _a(ES-BaCBU)b13970859-34csuc_network | ||
| 035 | _a(ES-BaCBU).b13970859 | ||
| 035 | _a(ccuc001)b13970859 | ||
| 035 | _a(OCoLC)802715666 | ||
| 040 |
_aES-BaBC _bcat _cCDMR |
||
| 043 | _ae-ur--- | ||
| 080 | _a910.4(47+57) | ||
| 090 |
_aDK28 _b.A75 1966 |
||
| 100 | 1 |
_aArco, Manuel del _941 |
|
| 245 | 1 | 0 |
_aRusia es otra cosa : _b(la U.R.S.S., entrevista por un periodista) / _cDel Arco |
| 260 |
_aBarcelona : _bAHR, _ccop. 1966 |
||
| 300 |
_a147 p., [16] f. de làm. : _bil., fot. ; _c25 cm |
||
| 651 | 7 |
_aUnió Soviètica _xReportatges literaris _2lemac |
|
| 651 | 7 |
_aUnió Soviètica _xCondicions socials _y1966 _2lemac |
|
| 907 |
_a.b13970859 _b17-06-21 _c07-05-08 _d07-05-08 _em _fa _g- _hspa _ispc _j0 _k4 |
||
| 908 |
_aBAB _aBC _aUB _aUPF _aGEPA _aICGC |
||
| 940 | _aBC | ||
| 942 |
_2udc _cMON |
||